Представление документа в формате RUSMARC

ПолеНазваниеЗначение
  Тип записи a
  Библиографический уровень c
001 Контрольный номер 7169b86106ca4401891f282b7a1a0c12
005 Дата корректировки 20251219144018.4
010 Индекс ISBN __
9 Тираж 50 экз.
a ISBN 978-5-91843-504-5
d Цена 100-00
100 Данные общей обработки __
a Данные общей обработки 20220526d2020 cd y0rusy028902 ca
101 Язык документа 0_
a Язык текста rus
102 Страна публикации __
a Страна публикации RU
105 Кодированные данные (монография) __
a Кодированные данные (монография) y z 000ay
181 Поле кодированных данных: вид содержания _0
a Код вида содержания (ISBD) i
182 Поле кодированных данных: тип средства _0
a Код типа средства (ISBD) n
200 Заглавие и сведения об ответственности 1_
a Заглавие Уход в лес: избранное
f Первые сведения об ответственности СПб ГБУК "Государственная специальная центральная библиотека для слепых и слабовидящих"
e Сведения, относящиеся к заглавию сибирская гамсуниана, 1910-1920-е годы : издание для слабовидящих
203 Вид содержания и тип средства __
a Вид содержания Текст
c Тип средства непосредственный
210 Выходные данные 1_
a Место издания Санкт-Петербург
c Издательство СПБ ГБУК ГСЦБС
d Дата издания 2020
215 Физическое описание __
a Объем 116, [2] с.
d Формат 20 см
225 Серия 2_
a Серия Издание для слабовидящих
300 Общие примечания __
a Общие примечания Текст печатается по изданию: Уход в лес. Сибирская гамсуниана, 1910-1920-е годы. - Москва, 2019.
330 Аннотация __
a Аннотация Сборник рассказов малоизвестных и полузабытых сибирских писателей, чьи темы - уход в лес и горы, прочь от цивилизации, навстречу природе - перекликались с творчеством Кнута Гамсуна. Издание с укрупненным шрифтом для слабовидящих детей.
333 Примечание о целевом назначении __
a Примечание о целевом назначении 6+. Для детей старше шести лет
464 Аналитический уровень _0
1 2001
a Мечтатели
e рассказ
f Г. Вяткин
1 700 1
a Вяткин
b Г. А.
g Георгий Андреевич
4 070
464 Аналитический уровень _0
1 2001
a Водяной
e рассказ
f Г. Гребенщиков
1 700 1
a Гребенщиков
b Г. Д.
g Георгий Дмитриевич
4 070
464 Аналитический уровень _0
1 2001
a Улыбка лета
e рассказ
f А. Жиляков
1 700 1
a Жиляков
b А. И.
g Арсений Иванович
4 070
464 Аналитический уровень _0
1 2001
a Закон тайги
e рассказ
f И. Голдберг
1 700 1
a Голдберг
b И. Г.
g Исаак Григорьевич
4 070
540 Дополнительное заглавие, сделанное каталогизатором 10
a Дополнительное заглавие, сделанное каталогизатором Сибирская гамсуниана, 1910-1920-е годы
606 Тематические рубрики __
2 Код системы nlr_sh
a Основная рубрика Художественная литература
606 Тематические рубрики __
2 Код системы nlr_sh
a Основная рубрика Русская литература XIX в. (произведения)
610 Ключевые слова 0_
a Ключевые слова русская классика
610 Ключевые слова 0_
a Ключевые слова детская литература
610 Ключевые слова 0_
a Ключевые слова детская классика
610 Ключевые слова 0_
a Ключевые слова незрячие дети
610 Ключевые слова 0_
a Ключевые слова тема тайги
610 Ключевые слова 0_
a Ключевые слова тема природы
610 Ключевые слова 0_
a Ключевые слова книги для незрячих
610 Ключевые слова 0_
a Ключевые слова чтение для слабовидящих
610 Ключевые слова 0_
a Ключевые слова слабовидящие дети
610 Ключевые слова 0_
a Ключевые слова слабовидящие читатели
610 Ключевые слова 0_
a Ключевые слова незрячие читатели
610 Ключевые слова 0_
a Ключевые слова отшельничество
610 Ключевые слова 0_
a Ключевые слова тема леса
610 Ключевые слова 0_
a Ключевые слова тема Сибири
686 Индексы других классификаций __
2 Код системы rubbks
a Классификационный индекс ст84(2=411.2)1-4я0
712 Наименование организации (Вторичная ответственность) 02
a Организация/ юрисдикция Государственная специальная центральная библиотека для слепых и слабовидящих
c Место постоянной организации Санкт-Петербург
801 Источник записи _0
a Страна RU
b Организация Муниципальное бюджетное учреждение культуры "Централизованная библиотечная система" г. Сургут (Центральная городская библиотека им. А. С. Пушкина)
c Дата составления 20250710
g Правила каталогизации PSBO
801 Источник записи _1
a Страна RU
b Организация Муниципальное бюджетное учреждение культуры "Централизованная библиотечная система" г. Сургут (Центральная городская библиотека им. А. С. Пушкина)
c Дата составления 20250710
g Правила каталогизации PSBO
852 Данные о местонахождении __
i Авторский знак У 89
j Шифр хранения ст84(2=411.2)1-4я0
900 Макрообъекты __
a Макрообъекты Уход в лес, 2020
901 Тип документа __
a Ответственный КиК/Котельникова
t Тип документа x
903 Характеристики (МАРС) __
a Дата передачи 20250710
c Наименование библиотеки (МАРС) Муниципальное бюджетное учреждение культуры "Централизованная библиотечная система" г. Сургут (Центральная городская библиотека им. А. С. Пушкина)
969 Тип издания __
a Тип издания спецформат-крупношрифтовое
a Тип издания издание для слепых
a Тип издания крупношрифтовое издание
a Тип издания издание для детей
990 Данные о заказе (DOS) __
j Количество экземпляров (DOS) 1
t N записи в КСУ для И/У (DOS) 202507